Best AFL team of all time - Statistics

General Stats
  • This quiz has been taken 18 times
  • The average score is 13 of 23
Answer Stats
Position Club(s) Player % Correct
C Geelong & Gold Coast Gary Ablett Jr
86%
FF Geelong Gary Ablett Sr
86%
FF Hawthorn & Sydney Lance Franklin
86%
BB Hawthorn & Brisbane Luke Hodge
86%
FF St Kilda & Sydney Tony Lockett
86%
C West Coast & Carlton Chris Judd
79%
HF Richmond Dustin Martin
79%
C Collingwood Scott Pendlebury
79%
HF Sydney Adam Goodes
71%
I/C North Melbourne Brent Harvey
71%
HF Essendon James Hird
71%
I/C Hawthorn Leigh Matthews
71%
Sub Western Bulldogs Marcus Bontempelli
71%
BB Geelong Matthew Scarlet
64%
HB Adelaide Andrew McLeod
57%
HB Essendon Dustin Fletcher
50%
HB Geelong Corey Enright
36%
R-R Hawthorn Michael Tuck
36%
I/C Geelong Cameron Ling
21%
BB Carlton Bruce Duoll
14%
Rover Melbourne & Carlton Ron Barassi
14%
I/C Carlton Kade Simpson
7%
Ruck Melbourne & Sydney Polly Farmer
7%
No matching quizzes found
Score Distribution
Percent of People with Each Score
Percentile by Number Answered
Your Score History
You have not taken this quiz